00945nam a2200289 i 450000100090000000300040000900500170001300800410003002000300007104000290010105000150013024501140014525000190025926000350027830000470031333600260036033700280038633800270041450400510044165000240049265000150051665000190053170000270055070000250057770000280060270000250063023423199OSt20250521120857.0231214s2020 stka b 001 0 eng  a9780702076244 (paperback) aDLCbengerdacDLCdNUST00aRC86.7 TEX00aTextbook of adult emergency medicine /cedited by Peter Cameron, Mark Little, Biswadev Mitra and Conor Deasy. aFifth edition. aEdinburgh :bElsevier, c2020. axxiv, 980 pages :bIllustrations ;c28 cm. atextbtxt2rdacontent aunmediatedbn2rdamedia avolumebnc2rdacarrier aIncludes bibliographical references and index. 0vEmergency medicine. 0vAdulthood. 0vCritical Care.1 aCameron, PetereEditor1 aLittle, MarkeEditor1 aMitra, BiswadeveEditor1 aDeasy, ConoreEditor